000 00421nam a2200169Ia 4500
008 230711s9999||||xx |||||||||||||| ||und||
020 _a978-81-317-6069-7
041 _aENG
082 _a621.8
_bSA-M
100 _aSingh.Sadhu
245 0 _aTheory of machines : kinematics and dynamics
250 _a3rd Ed.
260 _c2012
_aNew Delhi
_bPearson
300 _a1370
650 _aMechanical Engineering
942 _cBK
999 _c5520
_d5520